| 000 | nam a22 a 4500 | ||
|---|---|---|---|
| 999 |
_c114555 _d114555 |
||
| 003 | BLK | ||
| 005 | 20220623105724.0 | ||
| 008 | 180409b bul|||||r ||||||| ||bul|| | ||
| 010 | _aKNG00119986000 | ||
| 040 | _aBLK | ||
| 041 |
_aBUL _cBUL |
||
| 080 |
_aПшеница _b633.11 _x:632.9 _z633.11:632.9 |
||
| 100 | 1 |
_aЛазаров, Асен Василев _eпърви автор _9242374 |
|
| 139 |
_aЖитните дървеници и борбата с тях _bЖ 62 |
||
| 245 | 1 | 0 |
_aЖитните дървеници и борбата с тях _bПроучвания _cАсен Василев Лазаров; отг. ред. Асен Василев Лазаров. |
| 257 | _aBGR | ||
| 260 |
_aСофия _bБАН _c1969 |
||
| 300 |
_a148 с., 7 л. _bил. _c25 см |
||
| 380 | _a63 | ||
| 500 | _aИзд. АСН. Инст. за защита на растенията - Костинброд. - Други авт. : Ст. Григоров, Д. Арабаджиев, Хр. Контев, А. Кайтазов, В. Попов, Г. Господинов, В. Богданов, Д. Фъртунов, В. Дучевски. - 900 тир. - Библиогр. с. 133-137. - Рез. на рус., англ. ез. | ||
| 650 | 4 |
_aЖитни растения - болести и вредители _9313546 |
|
| 650 | 4 |
_aВредители - земеделски култури _9242376 |
|
| 653 | _aжитни култури | ||
| 653 | _aвредители | ||
| 700 | 1 |
_aЛазаров, Асен Василев _eотг. ред. _9376222 |
|
| 852 |
_aЦб 50687 _bЦб |
||
| 856 | 4 | _qpdf | |
| 856 | 4 | _qpdf | |
| 942 |
_cKNG _n0 _s1 |
||
| 944 |
_aCR _c21.10.2016 _kВаля_Йорданова |
||
| 944 |
_aED _c2022-06-23 _kир |
||
| 999 | _d114555 | ||